What are empires? / (Record no. 26814)
[ view plain ]
| 000 -LEADER | |
|---|---|
| fixed length control field | 01538nam a22002655a 4500 |
| 005 - DATE AND TIME OF LATEST TRANSACTION | |
| control field | 20201128024354.0 |
| 008 - FIXED-LENGTH DATA ELEMENTS--GENERAL INFORMATION | |
| fixed length control field | 180716s2008 enka frbd 001 0 eng d |
| 020 ## - INTERNATIONAL STANDARD BOOK NUMBER | |
| International Standard Book Number | 9780749217105 |
| 040 ## - CATALOGING SOURCE | |
| Original cataloging agency | EG-ScBUE |
| Language of cataloging | eng |
| Transcribing agency | EG-ScBUE |
| 082 04 - DEWEY DECIMAL CLASSIFICATION NUMBER | |
| Classification number | 325.32 |
| Item number | WHA |
| Edition number | 22 |
| 245 00 - TITLE STATEMENT | |
| Title | What are empires? / |
| Statement of responsibility, etc | edited and designed by Open University. |
| 250 ## - EDITION STATEMENT | |
| Edition statement | 1st ed. |
| 260 ## - PUBLICATION, DISTRIBUTION, ETC. (IMPRINT) | |
| Place of publication, distribution, etc | Milton Keynes : |
| Name of publisher, distributor, etc | Open University, |
| Date of publication, distribution, etc | 2008. |
| 300 ## - PHYSICAL DESCRIPTION | |
| Extent | 285 p. : |
| Other physical details | ill. ; |
| Dimensions | 24 cm. |
| 500 ## - GENERAL NOTE | |
| General note | Blocks 1 and 2 for Open University course A326 Empire : 1492-1975 |
| 505 0# - FORMATTED CONTENTS NOTE | |
| Formatted contents note | Block 1 What are empires? -- Introduction to Block 1 / Paul Lawrence -- Unit 1 Mapping empires in history / Robin Mackie -- Unit 2 Tools and terms for studying empires / Karl Hack -- Unit 3 Empires of the mind / Paul Lawrence -- Block 2 How do empires begin? -- Introduction to Block 2 / Chris A. Williams -- Unit 4 The beginning of Atlantic empires : Spain in The New World / Bernard Waites -- Unit 5 Pirates, pilgrims, plantations and pigs : the beginnings of the British Arlantic empire 1497-1660 / Chris A. Williams -- Unit 6 Empires of trade? The Portuguese and the Dutch in East Asia 1580-1670 / Ole Peter Grell -- Unit 7 The expansion of Russia 1500-1725 / Colin Chant. |
| 505 0# - FORMATTED CONTENTS NOTE | |
| Formatted contents note | Block. 1. What are empires? -- Block. 2. How do empires begin?. |
| 650 #7 - SUBJECT ADDED ENTRY--TOPICAL TERM | |
| Topical term or geographic name as entry element | Colonies. |
| Source of heading or term | BUEsh |
| 650 #7 - SUBJECT ADDED ENTRY--TOPICAL TERM | |
| Topical term or geographic name as entry element | Colonization |
| General subdivision | History. |
| Source of heading or term | BUEsh |
| 650 #7 - SUBJECT ADDED ENTRY--TOPICAL TERM | |
| Topical term or geographic name as entry element | Imperialism. |
| Source of heading or term | BUEsh |
| 651 ## - SUBJECT ADDED ENTRY--GEOGRAPHIC NAME | |
| Source of heading or term | BUEsh |
| 653 ## - INDEX TERM--UNCONTROLLED | |
| Resource For college | Generalities |
| -- | BAEPS, Political Science |
| Arrived date list | July2018 |
| 710 2# - ADDED ENTRY--CORPORATE NAME | |
| Corporate name or jurisdiction name as entry element | Open University, |
| Relator term | editor. |
| 9 (RLIN) | 2678 |
| 942 ## - ADDED ENTRY ELEMENTS (KOHA) | |
| Source of classification or shelving scheme | Dewey Decimal Classification |
| Withdrawn status | Item status | Source of classification or shelving scheme | Damaged status | Not for loan | Vendor | Home library | Current library | Shelving location | Date acquired | Source of acquisition | Total Checkouts | Total Renewals | Full call number | Barcode | Date last seen | Date last borrowed | Koha item type |
|---|---|---|---|---|---|---|---|---|---|---|---|---|---|---|---|---|---|
| Dewey Decimal Classification | Baccah | Central Library | Central Library | First floor | 16/07/2018 | Purchase | 1 | 13 | 325.32 WHA | 000043460 | 15/07/2025 | 20/11/2019 | Book - Borrowing |